000
00295nam a22001217a 4500
020
_a
0068-1156
082
_a
032.02 BRI'E
100
_a
ENCYCLOPEDIA BRITANNIC
_9
74588
245
_a
BRITANIC BOOK OF THE YEAR
260
_a
CHICAGO
_b
ENCYCLOPEDIA BRITANNICA
_c
1983
300
_a
766P
942
_c
BK
999
_c
580103
_d
580103